Guess the footballer by image - Statistics

General Stats
  • This quiz has been taken 174 times
  • The average score is 10 of 12
Answer Stats
Picture Answer % Correct
Salah
97%
Ramos
95%
Pepe
94%
De Bruyne
92%
Palmer
91%
Van Dijk
90%
Endrick
84%
Griezmann
82%
Oblak
82%
Casillas
79%
Gallagher
58%
Correa
47%
No matching quizzes found
Score Distribution
Percent of People with Each Score
Percentile by Number Answered
Your Score History
You have not taken this quiz